书目信息 |
| 题名: |
中国公路学会桥梁和结构工程分会2014年全国桥梁学术会议论文集
|
|
| 作者: | ;张喜刚 , 朱永灵 , 陈冠雄 主编 ;中国公路学会桥梁和结构工程学会 著 | |
| 分册: | ||
| 出版信息: | 北京 人民交通出版社 2014.11 |
|
| 页数: | 925页 | |
| 开本: | 29cm | |
| 丛书名: | ||
| 单 册: | ||
| 中图分类: | U44-53 | |
| 科图分类: | ||
| 主题词: | 桥梁工程--qiao liang gong cheng--文集 | |
| 电子资源: | ||
| ISBN: | 978-7-114-11798-5 | |
| 000 | 01344nam0 2200289 450 | |
| 001 | CAL 0120141435918 | |
| 005 | 20150822111805.85 | |
| 010 | @a978-7-114-11798-5@dCNY180.00 | |
| 100 | @a20150114d2014 em y0chiy50 ea | |
| 101 | 0 | @achi |
| 102 | @aCN@b110000 | |
| 105 | @aak z 000yy | |
| 106 | @ar | |
| 200 | 1 | @a中国公路学会桥梁和结构工程分会2014年全国桥梁学术会议论文集@Azhong guo gong lu xue hui qiao liang he jie gou gong cheng fen hui 2014 nian quan guo qiao liang xue shu hui yi lun wen ji@f中国公路学会桥梁和结构工程学会著@Fzhong guo gong lu xue hui qiao liang he jie gou gong cheng xue hui zhu |
| 210 | @a北京@c人民交通出版社@d2014.11 | |
| 215 | @a925页@c图@d29cm | |
| 314 | @a版权页题: 中国公路学会桥梁和结构工程学会著 书内题: 张喜刚, 陈冠雄, 朱永灵主编 | |
| 330 | @a本书为中国公路学会桥梁和结构工程分会2012年全国桥梁学术会议论文集。全书共分四个部分: 规划与设计, 施工与控制, 结构分析与试验研究, 检测与加固。 | |
| 586 | @a | |
| 606 | 0 | @a桥梁工程@Aqiao liang gong cheng@j文集 |
| 690 | @aU44-53@v5 | |
| 702 | 0 | @a张喜刚@Azhang xi gang@4主编 |
| 702 | 0 | @a朱永灵@Azhu yong ling@4主编 |
| 702 | 0 | @a陈冠雄@Achen guan xiong@4主编 |
| 711 | 02 | @a中国公路学会桥梁和结构工程学会@Azhong guo gong lu xue hui qiao liang he jie gou gong cheng xue hui@4著 |
| 801 | 0 | @aCN@c20150820 |
| 905 | @a河南城建学院图书馆@dU44-53@eZ558@f1 | |
| 中国公路学会桥梁和结构工程分会2014年全国桥梁学术会议论文集/中国公路学会桥梁和结构工程学会著.-北京:人民交通出版社,2014.11 |
| 925页:图;29cm |
| ISBN 978-7-114-11798-5:CNY180.00 |
| 本书为中国公路学会桥梁和结构工程分会2012年全国桥梁学术会议论文集。全书共分四个部分: 规划与设计, 施工与控制, 结构分析与试验研究, 检测与加固。 |
| ● |
| 相关链接 |
|
|
|
正题名:中国公路学会桥梁和结构工程分会2014年全国
索取号:U44-53/Z558
 
预约/预借
| 序号 | 登录号 | 条形码 | 馆藏地/架位号 | 状态 | 备注 |
| 1 | 1168006 | 211680064 | 自科库501/501自科库 83排2列5层/ [索取号:U44-53/Z558] | 在馆 |